Palm Beach Int. Airport Destinations (West Palm Beach, FL, USA) - Map - Statistics

General Stats
  • This quiz has been taken 10 times
  • The average score is 38 of 44
Answers on the Map
Answers color-coded by a green-red scale on the quiz's map according to % correct below.
 
Answer Stats
Destination % Correct
Atlanta
100%
Boston
100%
Buffalo
100%
Charlotte
100%
Chicago (O'Hare)
100%
Dallas/Fort Worth
100%
Denver
100%
Houston (Intercontinental)
100%
Los Angeles
100%
Minneapolis/St. Paul
100%
Montréal (Trudeau)
100%
Nashville
100%
Newark
100%
New York (JFK)
100%
New York (LaGuardia)
100%
Philadelphia
100%
Toronto (Pearson)
100%
Washington (Dulles)
100%
Washington (National)
100%
Baltimore
89%
Charleston (SC)
89%
Cincinnati
89%
Cleveland
89%
Detroit
89%
Hartford
89%
Memphis
89%
Orlando
89%
Pittsburgh
89%
Raleigh/Durham
89%
Richmond
89%
St. Louis
89%
Atlantic City
78%
Grand Rapids
78%
Long Island/Islip
78%
New Haven
78%
Norfolk
78%
Providence
78%
Trenton
78%
Wilmington (DE)
78%
Akron/Canton
67%
Asheville
56%
White Plains
44%
Teterboro
33%
Marsh Harbour
11%
No matching quizzes found
Score Distribution
Percent of People with Each Score
Percentile by Number Answered
Your Score History
You have not taken this quiz